扑克牌12张JQK牌对应人物Personages on Poker - Statistics

General Stats
  • This quiz has been taken 23 times
  • The average score is 4 of 12
Answer Stats
答案 % Correct
亚历山大
82%
凯撒
77%
查理曼
68%
大卫
59%
兰斯洛特
36%
雅典娜
9%
拉结
9%
奥吉尔
9%
拉海尔
9%
赫克托尔
9%
友第德
0%
阿金尼
0%
No matching quizzes found
Score Distribution
Percent of People with Each Score
Percentile by Number Answered
Your Score History
You have not taken this quiz